[Event "Bermuda-B"]
[Site "Bermuda"]
[Date "2002.01.28"]
[Round "7"]
[White "Berg, Emanuel"]
[Black "Perelshteyn, Eugene"]
[Result "1/2-1/2"]
[WhiteElo "2500"]
[BlackElo "2451"]
[Annotator "Tsesarsky,I"]
[PlyCount "81"]
[EventDate "2002.01.21"]
[EventType "tourn"]
[EventRounds "9"]
[EventCountry "BER"]
[EventCategory "8"]
[SourceTitle "CBM 088"]
[Source "ChessBase"]
[SourceDate "2002.03.21"]
[SourceVersion "1"]
[SourceVersionDate "2002.03.21"]
[SourceQuality "1"]

1. e4 c5 2. Nf3 Nc6 3. d4 cxd4 4. Nxd4 g6 5. Nc3 Bg7 6. Be3 Nf6 7. Bc4 Qa5 8.
O-O O-O 9. Bb3 d6 10. h3 Bd7 11. Qd3 (11. Re1 {and}) (11. f4 {-mainlines.}) ({
Another continuations don't promise to White any advantage, for instance:} 11.
Nde2 b5 12. f3 (12. Ng3 Ne5 13. a4 b4 14. Nd5 Nxd5 15. exd5 $11 {1/2-1/2
Browne,W-Kagan,S/Siegen 1970/MCD (96)}) 12... b4 13. Nd5 Qd8 14. Qd2 Nxd5 15.
exd5 Na5 16. Bd4 Nxb3 17. axb3 a5 $11 {1/2-1/2 Tseshkovsky,V-Bogachkov,I/St
Petersburg RUS 2001/The Week in Chess 345 (41)}) (11. Qd2 $2 Nxd4 12. Qxd4 (12.
Bxd4 Nxe4 $1 $17) 12... Ng4 $15 {[%csl Re3] 1/2-1/2 Karpov,A-Evrosimovsky/
Moscow 1969/EXT 2001 (40)}) (11. Qe1 Qh5 12. Rd1 Na5 13. Nd5 Nxb3 14. Nxb3 Bb5
15. Nxf6+ Bxf6 16. Rd5 Qe2 17. Qxe2 Bxe2 18. Rb1 $15 {0-1 Nisipeanu,L-Georgiev,
V/Balkaniad-Boys 1993/TD (42)}) 11... Rac8 (11... Rfe8 12. f4 Rad8 13. Nf3 Qc7
14. g4 Na5 $132 {1-0 Neukirch,D-Baumbach,F/Colditz 1967/EXT 99 (42)}) (11...
Nxd4 $6 12. Bxd4 Bc6 13. Nd5 (13. Rfe1 e6 14. Rad1 Rfd8 15. Re2 Qh5 16. f4 d5
17. e5 Ne4 18. Nxe4 dxe4 19. Qe3 $14 {1-0 Pokorna,R-Buervenich,S/Warsaw POL
2001/The Week in Chess 338 (33)}) 13... Rfe8 14. Bc3 Qd8 15. Nxf6+ Bxf6 16.
Bxf6 exf6 17. Rad1 (17. Rae1 $14 {[%csl Rd6]}) 17... Rxe4 18. Qxd6 Qxd6 19.
Rxd6 Kg7 20. Rfd1 Rae8 $11 {1/2-1/2 Pritchett,C-Bellon Lopez,J/Pula 1975/MCD 
(45)}) (11... Ne5 12. Qe2 b5 $6 13. f4 Nc4 14. Bxc4 bxc4 15. Qxc4 Rfc8 16. Qd3
Rab8 17. Nb3 Qc7 18. Rae1 $14 {1-0 Hebert,J-Vardi,I/Quebec 1978/EXT 98 (52)})
12. f4 (12. Rad1 Nxd4 13. Bxd4 Bc6 14. Qe3 b6 15. Nd5 Rfe8 16. Bxf6 Bxf6 17.
Nxf6+ exf6 18. Rxd6 Rxe4 19. Rxc6 $18 {1-0 Hoffmann,A-Schroeder,J/
Friedrichshafen 1983/GER (29)}) 12... Nh5 (12... a6 13. Rae1 Qh5 14. Nf3 (14.
Nxc6 Bxc6 15. Bd4 $14) 14... Na5 15. e5 Bf5 16. Qd1 (16. exf6 $2 Bxd3 17. fxg7
Bxf1 (17... Kxg7 18. cxd3 Nxb3 19. axb3 Rfe8 $132) 18. gxf8=Q+ Kxf8 19. Rxf1
Nc4 20. Bxc4 Rxc4 21. Rd1 Qa5 $17 {0-1 Schoeneberg,M-Pietzsch,W/Zinnowitz 1967/
MCL (41)}) 16... Ne4 17. Nd5 Rfe8 18. exd6 exd6 19. Bd4 Nxb3 20. axb3 Bxh3 21.
Bxg7 Bxg2 22. Kxg2 Qg4+ 23. Kh2 Qh5+ (23... Qg3+ $2 24. Kh1 Qh3+ 25. Nh2 Kxg7
26. Qd4+ $18) 24. Kg2 Qg4+ $11) (12... Nb4 13. Qe2 Na6 14. Bc4 Nh5 15. Bxa6
bxa6 16. Qf3 Qd8 17. Rae1 $14 {1/2-1/2 Neukirch,D-Verber,R/Harrachov 1967/MCD 
(22)}) (12... Qh5 13. Nf3 Nb4 14. Qd2 Bc6 15. e5 (15. Bxa7 Na6 16. e5 $16)
15... dxe5 16. fxe5 Rcd8 17. Qf2 $14 {1-0 Ligterink,G-Silman,J/London 1978/MCD
(25)} (17. exf6 $1 Rxd2 18. fxg7 Rxg2+ 19. Kxg2 Kxg7 20. Rad1 $16)) (12... Rfd8
13. Rad1 Be8 14. Nxc6 bxc6 15. Bd2 Qc7 $132 {1-0 Wedberg,T-Trabattoni,F/La
Valetta 1980/EXT 2000 (28)}) (12... Nxd4 13. Bxd4 Bc6 (13... e5 14. Be3 Bc6 15.
fxe5 dxe5 16. Bg5 Qc5+ 17. Rf2 Nh5 18. Be3 Qa5 19. Nd5 $14 {1-0 Pokorna,R-Van
Leent,D/Vlissingen NED 2001/The Week in Chess 352 (41)}) 14. Rf2 Nd7 15. Bxg7
Kxg7 16. Qd4+ Kg8 17. Re1 Qc5 18. Qd2 b5 19. Re3 a5 20. a3 $132 {1/2-1/2 Ciric,
D-Shurygin,S/Budapest 1995/EXT 97 (63)}) 13. Nde2 Be6 $6 $14 {enables White to
double black PP.} ({Quite reliable was} 13... Nf6 $132) 14. Rad1 $6 $132 ({
Why not} 14. Bxe6 $1 fxe6 15. a3 $14 (15. Qc4 $2 Nd4)) {After this terrible
move White leaves with whole P over.} 14... Nf6 $2 $16 ({Rihgt was} 14... Bxb3
$1 15. axb3 Nf6 $132) 15. Bxe6 fxe6 16. Qc4 {[%csl Re6][%cal Gc4g8]} d5 (16...
Kf7 17. f5 Qe5 18. Bf4 Qc5+ 19. Qxc5 dxc5 20. e5 Nh5 21. fxe6+ $16) 17. exd5
Nb4 ({Or} 17... exd5 18. Nxd5 Nxd5 19. Rxd5 Qb4 20. Rc5+ Qxc4 21. Rxc4 $16) 18.
Qb3 Nbxd5 19. Bd4 Qb4 20. Nxd5 Nxd5 21. Qxb4 Nxb4 22. Bxg7 Kxg7 23. Rd7 {
Giving to Black certain counterplay.} ({Much more simplier was just} 23. c3 Nc6
24. Rd7 $16) 23... Rfd8 24. Rxe7+ Kf8 25. Rxh7 $2 $11 {Wrong capture!} ({
Right was} 25. Rxb7 $1 Rxc2 26. f5 $140 $1 exf5 (26... Rxe2 27. fxg6+ Kg8 28.
gxh7+ Kh8 29. Rxb4 Rdd2 30. Rg4 $18) 27. Nf4 Rdd2 28. Rxb4 g5 29. Rd4 $1 gxf4
30. Rxd2 Rxd2 31. Rxf4 Rxb2 32. Rxf5+ $16 {[%cal Gf5a5]}) 25... Rxc2 26. f5 {
In this positon this impact is not effective...} Kg8 27. Rxb7 Rxe2 28. Rxb4 (
28. fxe6 Nc6 29. Rf6 g5 $44) 28... gxf5 29. Rf3 Rdd2 30. Rg3+ Kf7 31. Ra4 (31.
Rb7+ Kf6 32. Rxa7 Rxb2 $44) 31... Rxb2 32. Rxa7+ Kf6 33. a3 f4 {White RR are
disconnected, Black pieces locations are excellent.} 34. Rgg7 Re1+ 35. Kh2 Rbb1
{Whie had to force draw by perpetuum check.} 36. Rgf7+ Kg5 37. Rg7+ Kf6 38.
Rgf7+ Kg5 39. Rg7+ Kh6 40. Rh7+ Kg6 41. Rhg7+ 1/2-1/2

[Event "Sarajevo Bosnia 32nd"]
[Site "Sarajevo"]
[Date "2002.05.22"]
[Round "1"]
[White "Movsesian, Sergei"]
[Black "Smirin, Ilia"]
[Result "1-0"]
[WhiteElo "2624"]
[BlackElo "2685"]
[Annotator "Tsesarsky,I"]
[PlyCount "77"]
[EventDate "2002.05.22"]
[EventType "tourn"]
[EventRounds "9"]
[EventCountry "BIH"]
[EventCategory "16"]
[SourceTitle "CBM 090"]
[Source "ChessBase"]
[SourceDate "2002.09.20"]
[SourceVersion "1"]
[SourceVersionDate "2002.09.20"]
[SourceQuality "1"]

1. e4 c5 2. Nf3 Nc6 3. Nc3 g6 4. d4 cxd4 5. Nxd4 Bg7 6. Be3 Nf6 7. Bc4 O-O 8.
Bb3 Qa5 9. f3 (9. O-O {-another mainline.}) 9... d5 10. exd5 Nb4 11. Qd2 Nbxd5
12. Nxd5 Qxd2+ 13. Kxd2 Nxd5 14. Bxd5 Rd8 15. c4 ({Worse is} 15. Bb3 $6 Bxd4
16. Bxd4 Rxd4+ 17. Ke3 Rd8 18. Rhd1 Bd7 $11 {0-1 Sluka,R-Navara,D/Olomouc 2000/
CBM 77 ext (50)}) 15... e6 16. Rhe1 {[%mdl 8] Movsesian deviates from played
already Bd5-e4.} ({Worth of attention} 16. Be4 $5 {and White reaches clear
advantage in the endgame:} Bxd4 ({I guess, Smirin has prepared novelty:} 16...
f5 $5 17. Kc3 (17. Bxb7 Bxb7 18. Kc3 Kf7 $44) 17... fxe4 18. fxe4 b5 $1 19.
Rad1 Bb7 $1 $44 {[%csl Re4][%cal Gg7c3] end pair of BB is very strong, and
probably Black has compensation for P lack.}) 17. Bxd4 Rxd4+ 18. Kc3 Rd7 (18...
e5 19. Rad1 $16) 19. Rhd1 Rb8 20. Rxd7 Bxd7 21. Rd1 Be8 22. f4 $1 $16 {-see
detailed commented game  1-0 Svidler,P-Lutz,C/Frankfurt 1999/CBM 72 [Alterman,
B](49)}) (16. Nb5 $2 exd5 17. Nc7 dxc4+ 18. Ke2 Bf5 19. Nxa8 Rxa8 $17 {1/2-1/2
Simacek,P-Bauma,J/CZE 2000/The Week in Chess 324 (72)}) 16... exd5 17. c5 $14 {
[%csl Gd4,Rd5] White has blockade piece on d4 and steady advantage.} Bd7 18.
Rac1 Re8 19. Bf2 Bh6+ 20. Be3 Bg7 21. Kd3 {Of course, White doesn't agree for
draw.} a5 22. Bf4 Rxe1 23. Rxe1 Bf8 (23... Re8 24. Rc1 $14 (24. Rxe8+ Bxe8 $11)
) 24. Re5 f6 $4 $18 {This move is decisive mistake. Probably Smirin put
mistake in variations calculation.} ({Right was} 24... Bc6 25. Re2 a4 $14) 25.
Rxd5 Be8 26. Ne6 $1 {Unpleasant surprise!} Bf7 27. Rd8 $1 Rxd8+ 28. Nxd8 Bxc5 (
28... Bxa2 29. Kd4 $18 {[%csl Rb7]} (29. Nxb7 Bd5 $44)) 29. Nxf7 Kxf7 30. Kc4 {
Endgame is absolutely lost.} Bg1 (30... Bb6 31. Kb5 Bd8 32. Bd2 $18 {[%csl Ra5]
}) 31. Kb5 g5 32. Bc7 h5 33. h3 f5 34. Bxa5 g4 35. Bb6 Bh2 36. Bf2 Bc7 37. Kc4
gxf3 38. gxf3 Kf6 (38... Ke6 39. Bd4 $18 {[%cal Ga2a4,Gb2b4]}) 39. Be3 1-0

[Event "RUS-chT 09th Group1"]
[Site "Ekaterinburg"]
[Date "2002.05.22"]
[Round "6"]
[White "Lastin, Alexander"]
[Black "Malakhov, Vladimir"]
[Result "0-1"]
[WhiteElo "2619"]
[BlackElo "2663"]
[Annotator "Tsesarsky,I"]
[PlyCount "134"]
[EventDate "2002.05.17"]
[EventType "team-tourn"]
[EventRounds "7"]
[EventCountry "RUS"]
[SourceTitle "CBM 090"]
[Source "ChessBase"]
[SourceDate "2002.09.20"]
[SourceVersion "1"]
[SourceVersionDate "2002.09.20"]
[SourceQuality "1"]
[WhiteTeam "Tyumen Gazovik"]
[BlackTeam "Norilsk Norilsky Nikel"]
[WhiteTeamCountry "RUS"]
[BlackTeamCountry "RUS"]

1. e4 c5 2. Nf3 Nc6 3. d4 cxd4 4. Nxd4 g6 5. Nc3 Bg7 6. Be3 Nf6 7. Bc4 O-O 8.
Bb3 a5 9. O-O d6 10. f3 Nxd4 11. Bxd4 Bd7 12. a4 Bc6 13. Kh1 (13. Nd5 Nd7 14.
c3 (14. Bxg7 Kxg7 15. Qd4+ Kg8 16. Bc4 Nc5 {[%csl Ra4]} (16... e6 17. Ne3 Qb6
18. Rfd1 Rfd8 19. b3 Qxd4 20. Rxd4 Nb6 21. Rad1 Nc8 22. h4 Kf8 23. Kf2 h5 24.
Be2 Ke7 25. e5 d5 26. g4 $14 (26. c4 Nb6 27. cxd5 Bxd5 28. Nxd5+ Rxd5 29. Rxd5
Nxd5 30. Rc1 $11 {1/2-1/2 Lobzhanidze,D-Tiviakov,S/Haarlem NED 2001/The Week
in Chess 350 (45)}) (26. f4 Nb6 27. g4 hxg4 28. Kg3 Nd7 29. Bxg4 Nc5 30. Bf3
Rh8 $11)) 17. b3 Rc8 18. Rae1 e5 19. Qd2 Bxd5 20. Bxd5 Ne6 21. c3 Nf4 $132)
14... Nc5 15. Bc2 Bxd4+ 16. Qxd4 e5 17. Qd2 Bxd5 18. exd5 f5 19. Kh1 Rb8 20. f4
exf4 21. Rxf4 $11 {[%csl Ge5][%cal Gc5d7,Gd7e5] 1/2-1/2 Zulfugarli,
M-Wojtkiewicz,A/Moscow RUS 2002/The Week in Chess 379 (21)}) 13... Nd7 14. Bxg7
Kxg7 15. Qd4+ (15. f4 Qb6 16. Qd2 Qb4 17. Qe3 Nc5 {-see detailed commented
game 0-1 Van den Doel,E-Tiviakov,S/Leeuwarden 2001/CBM 84_01[Tsesarsky,I] (66)}
) 15... Kg8 16. Qd2 Qb6 17. Qg5 {[%csl Re7][%cal Gg5e7]} Rae8 18. Nb5 Qc5 {
Black equalized. What about White?} 19. Qd2 (19. Qxc5 Nxc5 20. Bc4 Rc8 21. Nc3
Kg7 22. Kg1 f5 $15) 19... Bxb5 20. axb5 b6 {[%csl Rb5]} 21. f4 Nf6 {[%csl Rb5,
Re4]} ({Not} 21... Qxb5 $4 22. Ba4 $18 {[%csl Rd7][%cal Ga4d7]}) 22. Qe2 (22.
Qd3 e6 23. Rae1 $11) 22... e6 23. Rad1 Qb4 24. e5 Ne4 25. exd6 $2 $17 {[%csl
Rb5] This move is serious positional mistake. Now Black recieves clear
advantage in the endgame. Pb5 is too weak.} ({Right was} 25. Ba2 $1 {[%cal
Gc2c3] preparing c2-c3.} Nc5 $1 (25... Qxb2 26. Qxe4 Qxa2 27. Rxd6 Rb8 28. Rfd1
Rfc8 29. Rc6 $14) (25... d5 $2 26. c4 $16 {[%csl Re4]}) (25... dxe5 $2 26. c3
Qa4 27. Bc4 {[%csl Ra4,Re4][%cal Gd1a1]} Rc8 28. b3 $18) 26. c3 (26. Rxd6 $2
Qxb2 27. Qc4 Rb8 28. Rb1 Qa3 29. c3 Rfc8 30. Bb3 Nxb3 31. Qxb3 Rxc3 32. Qd1
Rbc8 $17 {[%csl Rd1,Rh1][%cal Gc8c1,Ga1h1]}) 26... Qa4 27. b4 axb4 28. cxb4
Qxb4 29. Rxd6 Rb8 30. Qc4 Qxc4 31. Bxc4 $11) 25... Nxd6 26. c3 Qc5 (26... Qxb3
$2 27. Rxd6 Rb8 28. Rfd1 $14) 27. Qf2 Qxf2 28. Rxf2 Rd8 {[%csl Rb5][%cal Gd6b5]
} (28... Nxb5 $2 29. Ba4 $16) 29. Rfd2 Nb7 30. Kg1 Rxd2 31. Rxd2 Rd8 32. Re2 ({
In case of} 32. Rxd8+ Nxd8 33. g4 Nb7 $17 {[%csl Rb5][%cal Gg8f8,Gf8e7,Ge7d6]
White is convicted to work hard in order to draw the game.}) 32... Nc5 33. Bc2
Rd5 34. g3 Kf8 35. b4 {White sacrifices P but RR endgame is lost.} ({Maybe
more stubborn was} 35. Kf2 h5 36. Ke3 Ke7 37. h4 Kf6 38. Rf2 Rd7 (38... a4 39.
Rf1 Rd7 40. Ra1 e5 41. fxe5+ Kxe5 42. Ra3 f5 43. Ra1 (43. Bxa4 Rd3+ $19 {
[%csl Rg3][%cal Gc5e4]}) 43... Ra7 44. Ra3 Ra5 45. c4 Ra8 46. b4 $14) 39. Rf1
Nb7 40. Be4 Nd6 41. Bd3 (41. Bc6 Nc4+ $19) (41. b3 Rc7 42. c4 a4 43. Rb1 axb3
44. Rxb3 Rxc4 $19) 41... Rc7 $17 {[%csl Rb5][%cal Gc7c5]}) 35... axb4 36. cxb4
Nd3 ({Or} 36... Nb7 37. Be4 Rd1+ 38. Kf2 Nd6 39. Bc6 Rd4 40. Ra2 Rxb4 41. Ra6 {
[%csl Rb6]} Rb2+ 42. Kg1 Nc4 $17) 37. Bxd3 ({Hopeless} 37. Re4 {as well:} Kg7 (
37... Ke7 38. Rc4 Nb2 39. Rc7+ Kf6 40. Be4 Rd4 (40... Rxb5 41. Bc6 Rxb4 42. Be8
e5 43. Rxf7+ Ke6 44. Rxh7 exf4 45. Bxg6 $11) 41. Bc6 {[%csl Rf7][%cal Gc6e8]}
Nc4 {[%cal Gc4d6,Gd6f7]} 42. Bf3 Nd6 43. Rc6 Nxb5 44. Rxb6 Rxb4 45. Kf2 Rb3 $17
) 38. Rc4 Nb2 39. Rc7 Rxb5 40. Bb3 Kf6 41. g4 Rxb4 42. g5+ Kg7 43. Bxe6 Rxf4
$19) 37... Rxd3 38. Rc2 Rd5 39. Rc8+ Kg7 40. Kf2 Rxb5 41. Rc4 Kf6 42. Ke3 Kf5
43. Rc7 Kf6 44. Rc4 h5 45. h3 g5 46. g4 (46. fxg5+ Rxg5 47. Kf3 Rf5+ $17) 46...
gxf4+ 47. Kxf4 Kg6 48. Kg3 hxg4 49. hxg4 Kg5 {ideal place for black K.} 50. Kf3
f6 51. Kf2 e5 52. Ke3 Rd5 53. Rc6 (53. Ke4 Rd4+ 54. Rxd4 exd4 55. Kxd4 Kxg4 $19
) 53... b5 54. Rc5 Rd4 ({Wins also} 54... Rd1 55. Rxb5 Kxg4 56. Rc5 Re1+ 57.
Kd2 (57. Kf2 Rb1 58. Rc4+ Kf5 59. Ke3 Rb3+ 60. Kd2 e4 61. Kc2 Rd3 62. b5 Rd6
63. Rb4 Rb6 64. Kc3 Ke5 65. Kc4 f5 66. Kc5 Rb8 67. Kc6 f4 68. b6 f3 69. Kc7 Rf8
70. b7 e3 $19) 57... Rb1 58. Rc4+ Kf3 59. Kc2 Rg1 60. b5 Rg7 61. Rb4 f5 62. b6
Rb7 63. Kd1 e4 $19) 55. Rxb5 Rxg4 56. Rb8 Kf5 57. b5 Rg3+ 58. Kd2 Ke4 59. Kc2
f5 60. Rc8 Rg7 61. b6 Rb7 62. Rc6 f4 63. Re6 Kf3 $1 64. Rxe5 Rxb6 65. Kd2 Kf2
66. Re2+ Kg3 67. Re8 f3 0-1

[Event "RUS-chT 07th"]
[Site "Smolensk"]
[Date "2000.04.16"]
[Round "2"]
[White "Newerovski, Gennadi"]
[Black "Khasin, Alexander"]
[Result "1/2-1/2"]
[WhiteElo "2375"]
[BlackElo "2529"]
[Annotator "Tsesarsky,I"]
[PlyCount "147"]
[EventDate "2000.04.15"]
[EventType "team-tourn"]
[EventRounds "11"]
[EventCountry "RUS"]
[SourceTitle "CBM 077"]
[Source "ChessBase"]
[SourceDate "2000.07.27"]
[SourceVersion "1"]
[SourceVersionDate "2000.07.27"]
[SourceQuality "1"]
[WhiteTeam "Smolensk TsEM"]
[BlackTeam "Tomsk 400"]
[WhiteTeamCountry "RUS"]
[BlackTeamCountry "RUS"]

1. e4 c5 2. Nf3 Nc6 3. d4 cxd4 4. Nxd4 g6 5. Nc3 Bg7 6. Be3 Nf6 7. Bc4 Qa5 8.
O-O O-O 9. Bb3 d6 10. f3 Bd7 11. Qd2 Rac8 ({more pupular is} 11... Rfc8 12.
Rfd1 (12. Rad1 Qa6 (12... Ne5 13. Nd5 (13. Qe2 Qa6 (13... a6 14. g4 b5 15. g5
Nh5 16. Nd5 Qd8 17. Qg2 Nc4 $132 {0-1 Brychcy,Felix-Steinberg,Sven/Landesliga
S9596 Bayern ;EXT 99 1995 (38)}) 14. Qxa6 bxa6 15. h3 Nc4 16. Bc1 Rab8 $132 {
Pietzsch,Wolfgang-Gurgenidze,Bukhuti/Tbilisi ;EXT 98 1965/1/2-1/2 (55)}) 13...
Qxd2 14. Rxd2 Nxd5 15. Bxd5 Nc4 16. Bxc4 Rxc4 17. c3 $11 {1/2-1/2 Spassov,
Liuben-Jansa,Vlastimil/WchT U26 Harrachov ;MCD 1967 (26)}) (12... Rab8 13. Qf2
a6 14. Nde2 b5 15. Nf4 Qd8 16. Ncd5 Nxd5 17. Nxd5 Be6 18. f4 Bxd5 19. Bxd5 e6
20. Bb3 Na5 21. f5 Nxb3 22. cxb3 exf5 23. exf5 Be5 $11 {1/2-1/2 Sax,
Gyula-Andersson,Ulf (4)/Szirak m ;EXT 97 1990 (32)}) 13. Qf2 Ne5 14. Nd5 Nxd5
15. exd5 Nc4 16. Bc1 Rc5 17. c3 Rac8 $132 {Kosenkov,Vsevolod-Osnos,Viatcheslav/
Trud-ch Moscow ;EXT 2000 1964/0-1 (71)}) 12... Rab8 (12... Be8 13. Nd5 Qxd2 14.
Rxd2 Kf8 15. Nxf6 Bxf6 16. Kf2 Na5 $11 {Sumiacher,Carlos-Sanguineti,Raul/
Buenos Aires op (8) ;MCD 1968/0-1 (66)}) (12... Ne5 13. Nd5 Qxd2 14. Bxd2 Nxd5
15. Bxd5 Rab8 16. Be3 Nc4 17. Bxc4 Rxc4 18. c3 b5 $15 {Kessler,Horst-Mokosch,
Andreas/Bayern-chI Bank Hofmann (3) ;CBM 61 ext 1997/0-1 (55)}) 13. Nd5 Nxd5
14. exd5 Qxd2 15. Rxd2 Na5 16. c3 b5 17. Nc2 Nc4 18. Bxc4 bxc4 $15 {Liebert,
Heinz-Vasiukov,Evgeni/Lasker mem Berlin-Ost (14) ;EXT 99 1962/0-1 (48)}) 12.
Rad1 (12. Nxc6 {This move also don't lead to any, even a little, advantage.}
bxc6 13. Rad1 (13. Rab1 Qc7 14. Bh6 Rb8 15. Bxg7 Kxg7 16. Kh1 c5 17. Bc4 Bc6
$11 {0-1 Ranieri,F-Chatalbashev,B/8th Valle d'Aosta Open 2000 (26)}) 13... Rfd8
14. Kh1 Rb8 15. Ne2 Qxd2 16. Rxd2 a5 17. c3 Rb7 18. Ba4 $11 {Raspopin,
A-Savchuk,V/RUS-ch sf Ekaterinburg ;EXT 2000 1996/0-1 (58)}) (12. Rfd1 Rfe8 13.
Nce2 Qxd2 14. Rxd2 Ne5 15. c3 b5 16. Rc2 Nc4 17. Bxc4 bxc4 $15 {0-1 Palmer,
Christian-Gerland,Felix/GER-ch U15 Bensheim (1) ;EXT 99 1997 (47)}) 12... Rfe8
(12... Qd8 $6 13. Nd5 Nxd5 14. exd5 Ne5 15. Bh6 Nc4 16. Bxc4 Bxh6 17. Qxh6 Rxc4
18. c3 Qa5 19. Rfe1 Qxd5 (19... Re8 20. Re4 {[%cal Ge4h4]} e5 21. Ne6 fxe6 22.
Rxc4 exd5 23. Rh4 $16) 20. Rxe7 $14 {1-0 Agopov,Mikael-Peralta,Fernando/Wch
U14 Duisburg (8) ;TD 1992 (27)}) (12... Ne5 13. Qe2 a6 14. Bg5 Nc6 15. Be3 $11
{1/2-1/2 Cvicela,Anton-Jacko,Vladimir/Tatry op Tatranska Lomnica (5) ;EXT 2000
1998 (19)}) 13. Qf2 (13. Kh1 Ne5 14. Qe1 Nc4 15. Bc1 Qc5 16. Qf2 a6 17. Na4 Qa7
18. Bxc4 Rxc4 19. b3 Rcc8 20. Be3 Bxa4 21. Nf5 Qb8 22. Nxg7 Kxg7 23. bxa4 Qc7
24. Rb1 Qxc2 25. Qxc2 Rxc2 26. Rxb7 Rxa2 $17 {0-1 Krstic,Mladen-Todorovic,
Goran N/Nis op ;EXT 97 1993 (44)}) 13... Ne5 $132 {Black solved opening
problems.} 14. Nde2 {[%csl Ra7][%cal Ge2f4,Gf4d5]} b6 15. a3 (15. Bd4 Nc4 (
15... Nc6 16. Be3 Ne5 $11) 16. Bxc4 Rxc4 17. Nc1 Rec8 18. Nb3 Qa6 19. e5 dxe5
20. Bxe5 $11) 15... Nc4 16. Bxc4 Rxc4 17. Rd3 Bb5 (17... Bc8 18. Rfd1 Bb7 19.
Nd4 $11) 18. Rfd1 {It is difficult to know who plays for winning.} (18. Nxb5 {
was a little bit simplify the game} Qxb5 19. Rb3 Qa6 20. Rc3 Rec8 21. Rxc4 Qxc4
22. c3 $11) 18... Ba6 19. Rd4 Rec8 20. Rxc4 Bxc4 21. Nf4 Qa6 22. h3 Qb7 23. Nd3
(23. Qd2 Qc7) 23... d5 $1 {Black wish to open the game for par of BB} (23...
Nd7 24. Bd4 Bxd4 25. Qxd4 $11) 24. e5 (24. exd5 Nxd5 25. Nxd5 Bxd5 26. b3 Qc7
27. c4 Bb7 $15 {[%csl Gb7,Gg7]}) 24... Nd7 25. f4 e6 26. Ne2 {[%cal Ge2d4]}
Bxd3 27. cxd3 {[%cal Gd1c1]} Rc2 28. Rd2 Rxd2 (28... Qc7 29. Nc3 Rxd2 (29...
Rc1+ 30. Kh2 $132) 30. Qxd2 a6 $11) 29. Bxd2 Nc5 30. Nc1 (30. Qe3 Qa6 31. Nc1
Qa4 $15) 30... Qa6 31. Qd4 Bf8 32. Kh2 (32. g4 $1 {Don't afraid from} Ne4 33.
Bb4 Qc8 (33... Bc5 34. Bxc5 Nxc5 (34... bxc5 35. Qe3 $18) 35. Qc3 Qa4 36. b4
Qd1+ 37. Kg2 Na4 38. Qc7 $11) 34. Ne2 Nc5 35. Kf2 $132) 32... Qb5 33. b4 (33.
g4 Nb3 34. Nxb3 Qxb3 $15 {[%cal Gf8c5]}) 33... Na4 34. Ne2 (34. g4 $132) 34...
Qa6 35. Be1 (35. g4 Qc8 $11 (35... Be7 36. f5 $14)) 35... Be7 36. g4 {At last..
.} Bd8 (36... Qc8 $11) 37. Kg2 b5 {[%cal Gd8b6]} 38. Qa1 (38. Bf2 Bb6 39. Qa1
$11) 38... Qb7 39. Bf2 (39. Nd4 $11) 39... d4+ $5 {[%mdl 512] Interesting pawn
sacrifice!} (39... a5 40. Nd4 $11) 40. Kg3 Bb6 41. Bxd4 Qd5 42. Kf2 Kg7 (42...
g5 43. Bxb6 Nxb6 44. fxg5 Qxd3 45. Qc3 $14) 43. f5 {[%cal Ga1g7]} (43. Bxb6
Nxb6 44. Nd4 (44. Qd4 Qh1 45. Nc3 Qxh3 46. g5 Qh2+ $44) 44... h6 $44) 43...
exf5 (43... Qxe5 44. Bxb6 $1 Qxa1 45. Bd4+ Qxd4+ 46. Nxd4 exf5 47. Nxb5 fxg4
48. hxg4 $16) 44. Bxb6 Nxb6 45. Nf4 Qd8 46. e6+ (46. Ke3 g5 47. e6+ f6 48. Nh5+
Kg6 $15) 46... Qf6 47. Qxf6+ Kxf6 48. g5+ $1 Ke7 $8 49. exf7 Kxf7 50. Ke3 $132
Ke7 51. h4 Kd6 52. Kd4 Nd7 53. h5 {Last 7 moves were almost forced} Nf8 (53...
gxh5 54. Nxh5 Nf8 55. Nf6 Ne6+ 56. Ke3 Nxg5 57. Kf4 Ne6+ 58. Kxf5 Nd4+ 59. Ke4
Nc2 60. Nxh7 Nxa3 $11) 54. hxg6 hxg6 $22 {Black have reserve tempo - a7-a6} 55.
Ke3 {[%cal Gd3d4]} Ke5 56. d4+ Kd6 57. Kd3 Ne6 58. Nxg6 ({Of course, not} 58.
Nxe6 $2 Kxe6 59. Ke2 Kd5 60. Kd3 a6 $19) 58... Nxg5 59. Ke3 Ne6 60. Nh4 Ng7 61.
Ng6 a6 {Black can't improve pieces position} (61... Kd5 62. Ne7+ Ke6 (62... Kc4
63. d5 Ne8 64. Kf4 Kb3 65. Kxf5 Kxa3 66. Nc6 $16) 63. Ng6 $11) 62. Kd3 Nh5 63.
Ke3 Ke6 64. Kf3 Nf6 (64... Kd5 65. Ke3 f4+ (65... Kc4 66. Ne5+ Kd5 (66... Kb3
$2 67. d5 Kxa3 68. d6 Nf6 69. Nc6 Nd7 70. Kf4 Kb3 71. Kxf5 Kc4 72. Ne5+ Kd5 73.
Nxd7 Kxd6 74. Nc5 $18) 67. Ng6 $11) 66. Kd3 f3 67. Ke3 f2 68. Kxf2 Kxd4 69. Ne7
Nf6 70. Nc6+ Kc3 71. Nb8 $11) 65. Nf4+ Kd6 66. Nd3 Kd5 67. Nc5 Kxd4 68. Nxa6
Nd5 69. Nb8 Ne7 70. Nd7 Kc3 71. Nc5 Nd5 72. Kg3 Nb6 73. Kf4 Kb2 74. a4 1/2-1/2